South Park Abroad Quiz Stats

Quiz Updated Feb 22, 2016

Also try: Family Guy Abroad
Challenge
Share
Tweet
Score 0/22 Timer 08:00
0 Plays Today
% Correct
Egypt
95.4%
Canada
94.6%
United Kingdom
93.8%
France
93.2%
Germany
93%
Japan
92.9%
India
92.6%
China
92.1%
Australia
89.8%
Mexico
89.4%
Russia
86.1%
% Correct
Brazil
85.7%
Israel
83.4%
Cuba
80.8%
Afghanistan
77.3%
Somalia
73.5%
Denmark
72.8%
Peru
71.1%
Finland
70.1%
Vatican City
67.7%
Vietnam
60%
Costa Rica
34.3%

You're not logged in!

Compare scores with friends on all Sporcle quizzes.
Join for Free
OR
Log In

You Might Also Like...

Show Comments

Extras

Top Quizzes Today


Score Distribution

Your Account Isn't Verified!

In order to create a playlist on Sporcle, you need to verify the email address you used during registration. Go to your Sporcle Settings to finish the process.

Report this User

Report this user for behavior that violates our Community Guidelines.

Details: